| 000 | 01336nam a2200349 c 4500 | ||
|---|---|---|---|
| 003 | BLK | ||
| 005 | 20180420230240.0 | ||
| 008 | 180409b bul|||||r ||||||| ||bul|| | ||
| 010 | _aKNG00108877000 | ||
| 020 |
_a954-455-018-8 _bиздат.: Ирис - на том(кн. 1)(грешен) |
||
| 040 | _aBLK | ||
| 041 |
_aBUL _cBUL |
||
| 080 |
_aАмериканска литература (на САЩ) _b821.111(73) _x-31 _z821.111(73)-31 |
||
| 100 | 1 |
_aУдиуиз, Катлийн _eпърви автор _9132221 |
|
| 139 |
_aУдиуиз, Катлийн _bУ 25 |
||
| 245 | 1 | 0 |
_aРоза през зимата _bРоман _cКатлийн Удиуиз. _nКн. 1 |
| 250 | _aКн. 1 - 2 | ||
| 257 | _aUSA | ||
| 260 |
_аСофия _c1993 |
||
| 300 | _c20 см | ||
| 380 | _aX | ||
| 490 | 1 | _aИсторически любовни романи | |
| 500 | _aОриг. загл. A Rose in Winter / Kathleen E. Woodiwiss. | ||
| 653 | _aромантична проза | ||
| 653 | _aромани | ||
| 760 | 1 |
_3- на том(кн. 1)(грешен) _aУдиуиз, Катлийн _bКн. 1 - 2 _dИрис, 1993 _h380 с. _tКн. 1 |
|
| 852 | _aЦб 178672 | ||
| 856 | 4 |
_qpdf _u |
|
| 856 | 4 |
_qpdf _u |
|
| 942 |
_cKNG _n0 |
||
| 944 |
_aCR _c14.09.2015 _lф / _kЛюдмила_Стоянова |
||
| 944 |
_aED _c10.03.2016 _lф / _kЛюдмила_Стоянова |
||
| 999 |
_c103798 _d103798 |
||